| LEADER | 01169nam a2200205 4500 | ||
|---|---|---|---|
| 082 | |a 410.188 |b NG527Đ | ||
| 100 | |a Nguyễn Đức Dân | ||
| 245 | |a Ngôn ngữ báo chí |c Nguyễn Đức Dân | ||
| 260 | |a H |b Giáo dục |c 2007 | ||
| 300 | |a 244tr |c 21cm. | ||
| 520 | |a v...v | ||
| 653 | |a Ngôn ngữ | ||
| 653 | |a Báo chí | ||
| 942 | |2 ddc |c STK0 | ||
| 999 | |c 10498 |d 10498 | ||
| 952 | |0 0 |1 0 |2 ddc |4 0 |6 410_188000000000000_NG527Đ |7 0 |8 400 |9 82589 |a qbu |b qbu |c D2 |d 2015-07-28 |g 20000 |o 410.188 NG527Đ |p 10332.c1 |r 0000-00-00 |w 2015-07-28 |y STK0 | ||
| 952 | |0 0 |1 0 |2 ddc |4 0 |6 410_188000000000000_NG527Đ |7 0 |8 400 |9 82590 |a qbu |b qbu |c D2 |d 2015-07-28 |g 20000 |o 410.188 NG527Đ |p 10332.c2 |r 0000-00-00 |w 2015-07-28 |y STK0 | ||
| 952 | |0 0 |1 0 |2 ddc |4 0 |6 410_188000000000000_NG527Đ |7 0 |8 400 |9 82591 |a qbu |b qbu |c D2 |d 2015-07-28 |g 20000 |o 410.188 NG527Đ |p 10332.c3 |r 0000-00-00 |w 2015-07-28 |y STK0 | ||
| 952 | |0 0 |1 0 |2 ddc |4 0 |6 410_188000000000000_NG527Đ |7 0 |8 400 |9 82592 |a qbu |b qbu |c D2 |d 2015-07-28 |g 20000 |o 410.188 NG527Đ |p 10332.c4 |r 0000-00-00 |w 2015-07-28 |y STK0 | ||
| 952 | |0 0 |1 0 |2 ddc |4 0 |6 410_188000000000000_NG527Đ |7 0 |8 400 |9 82593 |a qbu |b qbu |c D2 |d 2015-07-28 |g 20000 |o 410.188 NG527Đ |p 10332.c5 |r 0000-00-00 |w 2015-07-28 |y STK0 | ||